| 000 | 00495nam a22001817a 4500 | ||
|---|---|---|---|
| 005 | 20250714094619.0 | ||
| 008 | 250714b |||||||| |||| 00| 0 eng d | ||
| 020 | _a978-0170438964 | ||
| 100 | _aBABIN BARRY J. | ||
| 245 | _aMARKETING RESEARCH | ||
| 250 | _a5TH ED. | ||
| 260 |
_aMELBOURNE _bCENGAGE _c2020 |
||
| 300 | _aXXV,622P. | ||
| 500 | _aINCLUDES AN INDEX | ||
| 650 | _aMARKETING-RESEARCH | ||
| 700 | _aSTEVE D'ALESSANDRO. HUME WINZAR, BEN LOWE, WILLIAM ZIKMUND | ||
| 942 |
_2lcc _cBK |
||
| 999 |
_c215891 _d215891 |
||